[Event "GER-ch U25-B"]
[Site "Willingen"]
[Date "2023.06.01"]
[Round "7"]
[White "Ginschel, Leonhard"]
[Black "Reuter, Luca Marek"]
[Result "1/2-1/2"]
[WhiteElo "1376"]
[BlackElo "1570"]
[PlyCount "100"]
[EventDate "2023.05.27"]
[EventType "swiss"]
[EventRounds "9"]
[EventCountry "GER"]
[SourceTitle "CBM 214 Extra"]
[Source "ChessBase"]
[SourceDate "2023.07.31"]
[SourceVersion "1"]
[SourceVersionDate "2023.07.31"]
[SourceQuality "1"]

1. e4 e5 2. Nf3 Nc6 3. Bc4 Bc5 4. c3 Nf6 5. d4 exd4 6. e5 d5 7. Bb5 Ne4 8. cxd4 Bb4+ 9. Bd2 Nxd2 10. Nbxd2 Bd7 11. 0-0 0-0 12. Bd3 Bxd2 13. Qxd2 Bg4 14. Be2 Bf5 15. Rac1 h6 16. h3 Ne7 17. Nh4 Bh7 18. f4 Nf5 19. Nxf5 Bxf5 20. g4 Be4 21. f5 Qh4 22. Kh2 c6 23. f6 Qg5 24. Qd1 Rfe8 25. Rc3 Re6 26. fxg7 Kxg7 27. Qe1 f6 28. Qf2 Qg6 29. Rb3 b6 30. exf6+ Rxf6 31. Qxf6+ Qxf6 32. Rxf6 Kxf6 33. Rc3 Rc8 34. b4 Ke6 35. Kg3 Kd6 36. Bf3 Re8 37. Re3 c5 38. dxc5+ bxc5 39. Bxe4 Rxe4 40. bxc5+ Kxc5 41. Rxe4 dxe4 42. Kf2 Kd4 43. Ke2 e3 44. h4 Ke4 45. g5 hxg5 46. hxg5 Kf5 47. Kxe3 Kxg5 48. Ke4 Kf6 49. Kd5 Ke7 50. Kc6 Kd8 1/2-1/2

[Event "GER-ch U25-B"]
[Site "Willingen"]
[Date "2023.05.29"]
[Round "3"]
[White "Bergmann, Lennart"]
[Black "Reuter, Luca Marek"]
[Result "1-0"]
[WhiteElo "1515"]
[BlackElo "1570"]
[PlyCount "49"]
[EventDate "2023.05.27"]
[EventType "swiss"]
[EventRounds "9"]
[EventCountry "GER"]
[SourceTitle "CBM 214 Extra"]
[Source "ChessBase"]
[SourceDate "2023.07.31"]
[SourceVersion "1"]
[SourceVersionDate "2023.07.31"]
[SourceQuality "1"]

1. Nf3 f5 2. d3 d6 3. Nbd2 Nf6 4. g3 g6 5. b4 Bg7 6. Bb2 0-0 7. c4 e5 8. Qc2 c6 9. Bg2 Na6 10. a3 Be6 11. Ng5 Bd7 12. c5 h6 13. Ngf3 e4 14. dxe4 fxe4 15. Nh4 Bf5 16. cxd6 Re8 17. Nxf5 gxf5 18. Nc4 b5 19. Ne3 f4 20. gxf4 Qxd6 21. Nf5 Qxf4 22. Nxg7 Kxg7 23. Qxc6 Rad8 24. 0-0 Rd6 25. Qxe8 1-0

[Event "GER-ch U25-B"]
[Site "Willingen"]
[Date "2023.05.28"]
[Round "1"]
[White "Kanno, Clara Yumi"]
[Black "Reuter, Luca Marek"]
[Result "1/2-1/2"]
[WhiteElo "1358"]
[BlackElo "1570"]
[PlyCount "52"]
[EventDate "2023.05.27"]
[EventType "swiss"]
[EventRounds "9"]
[EventCountry "GER"]
[SourceTitle "CBM 214 Extra"]
[Source "ChessBase"]
[SourceDate "2023.07.31"]
[SourceVersion "1"]
[SourceVersionDate "2023.07.31"]
[SourceQuality "1"]

1. d4 f5 2. Bf4 Nf6 3. h3 g6 4. Nf3 Bg7 5. e3 0-0 6. Nbd2 d6 7. Be2 Nc6 8. c4 Qe8 9. d5 e5 10. dxe6 h6 11. Rb1 Bxe6 12. 0-0 Qf7 13. a3 Kh8 14. Qc2 Rae8 15. Rfd1 g5 16. Bh2 Ne4 17. Rf1 Nxd2 18. Nxd2 Ne5 19. c5 dxc5 20. Qxc5 b6 21. Qc2 f4 22. exf4 Bf5 23. Qd1 Bxb1 24. fxg5 Bf5 25. Bc4 Be6 26. Be2 Bf5 1/2-1/2